• 首页
  • 本馆介绍
  • 公告通知
  • 最新文献
  • 馆藏检索
  • 电子资源
  • 读者导购
  • 参考咨询
  • 我的图书馆
  • 登录
  • 详细信息显示
  • 放入我的书架
  • 预约/预借图书
  • 作者相关作品
  • 分类相关作品
  • 丛书相关作品
  • 出版社相关作品

书目信息

  • 表格格式
  • 工作单格式
  • 卡片格式
题名:
古希腊希波克拉第养生法
    
 
作者: 岸野雄三 著 ;吕彦 节译
分册:  
出版信息: 北京   人民体育出版社  1984
页数: 106页
开本: 19cm
丛书名:
单 册:
中图分类: R161 , R455
科图分类:
主题词: 保健--方法--古希腊 , 治疗学
电子资源:
ISBN:
000 00755nam0 2200277 45
001 0184009172
005 20040524101700.8
010    @dCNY0.47
091    @a7015.2182
100    @a19950530d1984 kemy0chiy0121 ea
101 1  @achi@cjpn
102    @aCN@b110000
105    @ay z 000yy
106    @ar
200 10 @a古希腊希波克拉第养生法@Agu xi la xi bo ke la di yang sheng fa@f(日)岸野雄三著@g吕彦节译
210    @a北京@c人民体育出版社@d1984
215    @a106页@d19cm
606    @a保健@x方法@y古希腊
606 0  @a治疗学
690    @aR161@v3
690    @aR455
701  0 @a岸野雄三@Aan ye xiong san@4著
702  0 @a吕彦@Alu yan@4节译
801  0 @aCN@b上海图书馆@c20040524
801  2 @aCN@bNLC@c20040524
905    @f2@b119583-584@dR455@e16
    
    古希腊希波克拉第养生法/(日)岸野雄三著/吕彦节译.-北京:人民体育出版社,1984
    106页;19cm
    
    
    ISBN :CNY0.47
    
●
相关链接 在E读中查询图书 在五车中查询图书 在当当中查询图书 在豆瓣中查询图书


正题名:古希腊希波克拉第养生法     索取号:R455/16         预约/预借

序号 登录号 条形码 馆藏地/架位号 状态 备注
1 0119583   000714640   第三借阅区/ [索取号:R455/16] 在馆    
2 0119584   000714686   第三借阅区/ [索取号:R455/16] 在馆    
3 0119585   000714677   第二样本阅览室/ [索取号:R455/16] 在馆    
唐山师范学院图书馆 欢迎您!
大连网信软件有限公司© 版权所有